Estudio de las propiedades de dos suelos de la localidad de Daireaux /

Guardado en:
Autor Principal: Becerra, Pablo César.
Autor Corporativo: Universidad Nacional del Sur. Departamento de Agronomía.
Otros Autores: Rodríguez, Ermindo Joaquín.
Formato: Libro
Idioma:Spanish
Publicado: Bahía Blanca, 2009.
Etiquetas: Agregar Etiqueta
Sin Etiquetas, Sea el primero en etiquetar este registro!
LEADER 00750nam a22001695a 4500
001 EEA.libagro008239
005 20170828091020.0
008 130809s2009####ag#a##########000#0#spa#d
082 0 4 |a 631.4782 
100 1 |a Becerra, Pablo César. 
245 1 0 |a Estudio de las propiedades de dos suelos de la localidad de Daireaux /  |c Pablo César Becerra, Ermindo Joaquín Rodríguez. 
260 |a Bahía Blanca,  |c 2009. 
300 |a 75 h. :  |b il. ;  |c 30 cm. 
500 |a Trabajo final (Técnico Superior Agrario en Suelos y Aguas) -- Universidad Nacional del Sur. Departamento de Agronomía, 2009. 
700 1 |a Rodríguez, Ermindo Joaquín. 
710 2 |a Universidad Nacional del Sur.  |b Departamento de Agronomía. 
859 |a AR-BbBCA  |b BIB. AGRONOMIA  |h 631.4782  |i B389  |p 2009/5628